UBT Library

The basics of S-Plus / (Record no. 47109)

000 -LEADER
fixed length control field 00799cam a2200241 a 4500
001 - CONTROL NUMBER
control field 12687824
005 - DATE AND TIME OF LATEST TRANSACTION
control field 20180814061409.0
008 - FIXED-LENGTH DATA ELEMENTS--GENERAL INFORMATION
fixed length control field 020227s2002 nyua b 001 0 eng
010 ## - LIBRARY OF CONGRESS CONTROL NUMBER
LC control number 2002021152
020 ## - INTERNATIONAL STANDARD BOOK NUMBER
International Standard Book Number 0387954562 (acidfree paper)
035 ## - SYSTEM CONTROL NUMBER
System control number (DLC) 2002021152
040 ## - CATALOGING SOURCE
Original cataloging agency DLC
Transcribing agency DLC
Modifying agency DLC
041 ## - LANGUAGE CODE
Language code of text/sound track or separate title eng
080 ## - UNIVERSAL DECIMAL CLASSIFICATION NUMBER
Universal Decimal Classification number 519.502
082 00 - DEWEY DECIMAL CLASSIFICATION NUMBER
Classification number 519.502
Edition number 21
100 1# - Rafti
Rafti 55
101 ## - Shkurtesa
Shkurtesa STA
245 14 - TITLE STATEMENT
Title The basics of S-Plus /
Statement of responsibility, etc Andreas Krause, Melvin Olson.
504 ## - BIBLIOGRAPHY, ETC. NOTE
Bibliography, etc Includes bibliographical references (p. [403]-407) and index.
906 ## - LOCAL DATA ELEMENT F, LDF (RLIN)
a 7
b cbc
c orignew
d 1
e ocip
f 20
g y-gencatlg
942 ## - ADDED ENTRY ELEMENTS (KOHA)
Source of classification or shelving scheme
Item type Books
Holdings
Withdrawn status Lost status Source of classification or shelving scheme Damaged status Not for loan Collection code Permanent location Current location Shelving location Date acquired Total Checkouts Full call number Barcode Date last seen Price effective from Koha item type
          Koleksioni i përgjithshem UBT - Lipjan UBT - Lipjan Koleksioni i përgjithshem 08/14/2018   519.502 KRA 002-3011794 08/14/2018 08/14/2018 Books
UBT Library © 2015-2024. All rights reserved University Education for Business and Technology